[Event "Ch France (team) (nat.2) 2006/07"]
[Site "masterchessopen.com – France"]
[Date "2007.01.21"]
[Round "6"]
[White "Favarel Julien (FRA)"]
[Black "Renault Fabien (FRA)"]
[Result "1-0"]
[WhiteElo "2269"]
[BlackElo "2137"]

1.d4 c5 2.e4 cxd4 3.Nf3 d6 4.Nxd4 Nf6 5.Nc3 a6 6.g3 e5 7.Nde2 Be7 8.Bg2 O-O
9.h3 Be6 10.O-O b5 11.g4 b4 12.Nd5 Bxd5 13.exd5 Nbd7 14.Ng3 Rc8 15.Be3 Nc5
16.Qd2 Qb6 17.b3 Qb7 18.a3 a5 19.axb4 axb4 20.Ra2 Rc7 21.Rfa1 Rfc8 22.Bxc5
Rxc5 23.Ra7 Qb5 24.Rxe7 Rxc2 25.Qxc2 {#r} 1-0

[Event "Ch France (team) (nat.2) 2006/07"]
[Site "masterchessopen.com – France"]
[Date "2007.02.11"]
[Round "7"]
[White "Favarel Julien (FRA)"]
[Black "Rate Bruno (FRA)"]
[Result "1-0"]
[WhiteElo "2269"]
[BlackElo "2106"]

1.e4 c5 2.Nf3 d6 3.d4 cxd4 4.Nxd4 Nf6 5.Nc3 a6 6.g3 g6 7.Bg2 Bg7 8.h3 O-O
9.O-O Nc6 10.Nde2 Bd7 11.Be3 b5 12.Nd5 Nxd5 13.exd5 Na5 14.Rb1 Nc4 15.Bc1 Rc8
16.b3 Nb6 17.Be3 Qc7 18.c3 e5 19.dxe6 fxe6 20.Rc1 d5 21.h4 Rcd8 22.h5 Be8
23.Nf4 Qd6 24.hxg6 hxg6 25.Qg4 Rxf4 26.Bxf4 e5 27.Bg5 Rc8 28.Rfd1 Bf7 29.Be3
Rd8 30.c4 bxc4 31.bxc4 d4 32.c5 {#r} 1-0

[Event "It (open)"]
[Site "masterchessopen.com – Kolkata (India)"]
[Date "2007.02.28"]
[Round "4"]
[White "Barua Dibyendu (IND)"]
[Black "Gopal G N (IND)"]
[Result "0-1"]
[WhiteElo "2491"]
[BlackElo "2520"]

{ Barua Dibyendu (IND) +1 =2 -0 } 1.e4 c5 2.Nf3 d6 3.d4 cxd4 4.Nxd4 Nf6 5.Nc3
a6 6.g3 e5 7.Nb3 ( 7.Nde2 b5 8.a3 Bb7 9.Bg2 Nbd7 10.h3 Nc5 11.Bg5 Be7 12.Bxf6
Bxf6 13.Nd5 Na4 14.Rb1 Rc8 15.Ne3 g6 16.h4 h5 17.O-O Nb6 18.Qd3 O-O 19.Nc3 Nc4
20.Ned5 Nb6 21.Ne3 Nc4 22.Ncd5 Nxe3 23.Nxe3 Qb6 24.Rfd1 Rfd8 25.c3 Bg7 26.Bh3
Rc7 { ...1/2-1/2, Barua Dibyendu 2467 - Arun Prasad S 2399 , New Delhi 22.
1.2007 It (open) } ) 7...Be7 8.Bg2 { = } 8...b5 ( 8...O-O 9.O-O Bg4 10.Bf3 Be6
11.a4 Nbd7 12.Re1 Nb6 13.Nd2 Rc8 14.Nf1 Rc5 15.Be3 Rc8 16.Bg5 Nc4 17.b3 Nb6
18.Re3 Nbd7 19.Rd3 Nc5 20.Bxf6 Bxf6 21.Rxd6 Qe8 22.Nd5 Bd8 23.b4 Nxa4 24.Nfe3
Bg5 25.Bg4 Bxe3 26.Nxe3 Nb2 27.Qe2 Bxg4 28.Qxg4 { ...0-1, Vallejo Pons
Francisco 2666 - Topalov Veselin 2804 , Leon 10. 6.2006 It (active) } ) (
8...Nbd7 9.O-O O-O 10.a4 b6 11.f4 Bb7 12.g4 Rc8 13.g5 Ne8 14.Qg4 exf4 15.Bxf4
Ne5 16.Qg3 Ng6 17.Be3 d5 18.e5 Bb4 19.Bd4 Nc7 20.Bxb6 Qe7 21.Na2 Na8 22.Nxb4
Nxb6 23.c3 Nc4 24.Rf2 d4 25.Bxb7 Qxb7 26.Nxd4 Ncxe5 27.h4 Rc5 28.a5 { ...0-1,
Morrison William 2390 - Kasparov Garry 2820 , Catonsville 1997 Simultan } ) (
8...Be6 9.O-O O-O 10.a4 Nbd7 11.Re1 Qc7 12.Nd2 Rac8 13.Nf1 b5 14.axb5 axb5
15.Ne3 b4 16.Ncd5 Bxd5 17.exd5 Nb6 18.b3 g6 19.Ra5 Nbd7 20.Ra4 Rb8 21.Bd2 Qc5
22.Nc4 Nxd5 23.Ra5 Rb5 24.Rxb5 Qxb5 25.Bxd5 Qxd5 26.Bxb4 Qxd1 27.Rxd1 Nc5
28.Nxd6 { ...1/2-1/2, Kasimdzhanov Rustam 2673 - Naiditsch Arkadij 2664 ,
Turin 31. 5.2006 Olympiad } ) 9.O-O ( 9.a4 b4 10.Nd5 Nxd5 11.Qxd5 Ra7 12.Be3
Be6 13.Qd3 Rd7 14.O-O d5 15.exd5 Bxd5 16.Bxd5 Rxd5 17.Qe2 Qd7 18.Rfd1 O-O
19.Bc5 Bxc5 20.Nxc5 Rxd1+ 21.Rxd1 Qc7 22.Rd5 Re8 23.Nxa6 Nxa6 24.Qxa6 Qxc2
25.Rxe5 Rd8 26.Qd6 Rc8 27.Qxb4 h5 28.h4 f6 { ...1-0, Timofeev Artyom 2658 -
Smeets Jan 2531 , Amsterdam 24. 7.2005 It (open) } ) 9...Nbd7 ( 9...Bb7 10.Bd2
O-O 11.Nd5 Bxd5 12.Ba5 Qc8 13.exd5 Nbd7 14.Re1 Re8 15.Rc1 Bd8 16.Bb4 a5
17.Bxd6 Qa6 18.Bxe5 Rxe5 19.Rxe5 Nxe5 20.Qe2 Nc4 21.Nc5 Qa7 22.d6 Rb8 23.Nb7
Rxb7 24.Bxb7 Qxb7 25.Ra1 Qd7 26.b3 Nxd6 27.c4 bxc4 28.bxc4 Qc6 29.Qe5 {
...0-1, Nepeina-Leconte Maria 2302 - Navrotescu Catalin 2435 , St. Lo 2001 It
} ) 10.Re1 { N } ( 10.Bd2 O-O ( 10...Nb6 11.a4 Bg4 12.Qe1 bxa4 13.Na5 Rc8
14.Qe3 O-O 15.Rfc1 a3 16.b3 Be6 17.Qd3 d5 18.exd5 Nbxd5 19.Nxd5 Nxd5 20.Nc4
Nb4 21.Qxd8 Rfxd8 22.Bxb4 Bxb4 23.Nxa3 Bxa3 24.Rxa3 Rxc2 25.Re1 g6 26.Rxa6
Rdd2 27.Rc6 Rb2 28.Rf1 Bf5 29.Ra1 Rxf2 { ...0-1, Palekha Alexey 2357 - Banikas
Hristos 2566 , Kavala 8.2005 It (open) } ) 11.Re1 Re8 12.a4 b4 13.Nd5 Nxd5
14.exd5 a5 15.c3 bxc3 16.Bxc3 Qb6 17.Ra3 Nc5 18.Nxa5 Rxa5 19.b4 Ra7 20.a5 Qc7
21.bxc5 Qxc5 22.Qa1 Ba6 23.Bd2 Qc8 24.Rc1 Rc7 25.Rac3 Rxc3 26.Rxc3 Qa8 27.h3
Rb8 28.Rc6 Bb5 29.a6 Bxc6 { ...1-0, Movsesian Sergei 2663 - Van Wely Loek 2668
, Panormo 2002 Ch Europe (active) } ) ( 10.a4 b4 11.Nd5 ( 11.Na2 a5 12.c3 bxc3
13.Nxc3 O-O 14.Bd2 Nb6 15.Nd5 Nfxd5 16.exd5 Nc4 17.Bc3 Qb6 18.Nd2 Ba6 19.Nxc4
Bxc4 20.Re1 Bd8 21.Qd2 Rb8 22.Kh1 f5 23.f4 e4 24.g4 Qb7 25.gxf5 Bxd5 26.Rad1
Rxf5 27.Qf2 Qf7 28.Bxe4 Bxe4+ 29.Rxe4 Bf6 { ...1/2-1/2, Lujan Carolina 2378 -
Zawadzka Jolanta 2389 , Turin 25. 5.2006 Olympiad (w) } ) 11...Nxd5 12.Qxd5
Nb6 13.Qa5 O-O 14.Qxb4 Be6 15.Na5 Qc7 16.Be3 Rab8 17.Qd2 d5 18.Bxb6 Rxb6
19.exd5 Rd8 20.Nb3 Rbd6 21.Qe2 Bxd5 22.Bxd5 Rxd5 23.Rfd1 Qc6 24.Rxd5 Rxd5
25.c4 Rd8 26.Qxe5 Bf6 27.Qe2 Re8 28.Na5 Rxe2 29.Nxc6 Rxb2 { ...1-0, Vul Arkadi
Eremeevich 2407 - Kokanovic Ksenija 2175 , Kladovo 1990 Ch Yugoslavia (w) } )
( 10.Nd5 Nxd5 11.exd5 O-O ( 11...a5 12.a4 b4 13.Bd2 Bg5 14.f4 Bf6 15.c3 bxc3
16.Bxc3 O-O 17.Kh1 Qb6 18.f5 Re8 19.Rb1 { 1/2-1/2, Atlas Valeri 2485 - Kosten
Anthony C 2519 , Austria 18. 3.2004 Ch Austria (team) 2003/04 } ) 12.Bd2 Nb6
13.Na5 Bf5 14.Nc6 Qd7 15.b3 Bf6 16.Bc3 Bh3 17.Bxh3 Qxh3 18.a4 Nd7 19.Bb4 e4
20.Bxd6 Bxa1 21.Bxf8 Rxf8 22.Qxa1 Nf6 23.Ne5 Nxd5 24.Qd4 Nf6 25.axb5 axb5
26.Ra1 Qf5 27.Ra5 Re8 28.Nc4 Qh5 29.Nd6 Rb8 { ...1-0, Muratov Vladimir A -
Dragomarezkij Evgeni 2435 , Moscow 1992 Ch Moscow } ) ( 10.Be3 Bb7 ( 10...Nb6
11.a4 b4 12.Bxb6 Qxb6 13.a5 Qc7 14.Na4 Nd7 15.Re1 O-O 16.Bf1 Bb7 17.Qd2 Rab8
18.Bh3 Bc6 19.Bxd7 Bxd7 20.Nb6 Be6 21.Qd3 Kh8 22.Nd2 f5 23.Rad1 Rbd8 24.Ndc4
Rf7 25.Ne3 fxe4 26.Qxa6 Rdf8 27.Re2 Qc5 28.Nbd5 Bd8 29.Qc4 Qxc4 { ...1-0,
Vrbljanac Toma 2195 - Ravic Nenad 2057 , Belgrade 8.2004 It (open) "Jezero
2004" } ) 11.a3 Rc8 12.f4 O-O 13.h3 Re8 14.g4 exf4 15.Bxf4 Bf8 16.Qd3 Ne5
17.Bxe5 dxe5 18.Qxd8 Rexd8 19.Rad1 Re8 20.Rd3 b4 21.axb4 Bxb4 22.Re3 Red8
23.Rf5 Nd7 24.Na2 Be7 25.c3 Bc6 26.Re2 g6 27.Rf3 Nc5 28.Nxc5 Bxc5+ 29.Kh2 Bb5
{ ...0-1, Espinoza Edgar 2258 - Dominguez Lenier 2645 , Rio de Janeiro 2003 Ch
Pan-American (team) } ) ( 10.a3 Bb7 11.Be3 Nb6 12.Na5 Qc7 13.Bxb6 Qxb6 14.Nxb7
Qxb7 15.Qd3 Rc8 16.h3 O-O 17.g4 h6 18.Ne2 Rfd8 19.Rfd1 Qc7 20.c3 Qc4 21.Ng3
Qxd3 22.Rxd3 g6 23.Rad1 Nd7 24.Nf1 Nc5 25.Rd5 Na4 26.R5d2 Rc6 27.Ne3 Nb6
28.Nd5 Nxd5 29.Rxd5 Bg5 { ...1/2-1/2, Mikicic Dusan 2217 - Ravic Nenad 2057 ,
Belgrade 8.2004 It (open) "Jezero 2004" } ) 10...O-O 11.a4 { N } ( 11.Bd2 Nb6
12.a4 Bg4 13.Qc1 Qd7 14.axb5 axb5 15.Na5 Be6 16.Bg5 b4 17.Bxf6 Bxf6 18.Nd5
Bxd5 19.exd5 Qb5 20.Nc6 Rxa1 21.Qxa1 Qc5 22.Qa5 Qxa5 23.Nxa5 Ra8 24.Nc6 Ra2
25.Rb1 Nc4 26.b3 Nd2 27.Nxb4 Rxc2 28.Nxc2 Nxb1 29.Ne3 Bd8 30.Nc4 Bc7 {
...1/2-1/2, Movsesian Sergei 2629 - Gelfand Boris 2693 , Budapest 2003 It
(cat.17) } ) 11...b4 12.Nd5 Nxd5 13.exd5 a5 14.Bd2 f5 15.c3 bxc3 16.Bxc3 Qb6
17.Bd4 { -0.22 CAP } 17...Qb8 18.Nd2 { ?! } ( 18.Bc3 { !? } 18...Qb6 19.Bd4
Qd8 20.Be3 Nf6 21.Nc5 Rb8 22.Ne6 { } ) 18...Bd8 19.Be3 Ba6 20.b3 Bb6 21.Nc4 {
?! } ( 21.Rc1 { !? } 21...Bxe3 22.Rxe3 Nc5 23.Nf3 e4 24.Nd4 Qe8 25.Qd2 { } )
21...Bxc4 22.bxc4 Bxe3 23.Rxe3 Nc5 24.Rb1 Qa7 25.Rb5 f4 26.Rf3 Rf6 27.gxf4
exf4 28.Qd2 Qf7 29.Rxa5 Re8 30.Rxc5 dxc5 31.h3 Qg6 32.Rxf4 Qh6 { } {#R} 0-1

[Event "Tournament (swiss)"]
[Site "masterchessopen.com – Barrancabermeja (Colombia)"]
[Date "2007.06.02"]
[Round "5"]
[White "Guerrero Juan Carlos (COL)"]
[Black "Becerra Juan David (COL)"]
[Result "1-0"]
[WhiteElo "2158"]
[BlackElo "2084"]

1.e4 c5 2.Nf3 d6 3.Nc3 Nf6 4.d4 cxd4 5.Nxd4 a6 6.g3 e5 7.Nde2 Be7 8.Bg2 O-O
9.O-O Be6 10.Qd3 Nbd7 11.Rd1 Nc5 12.Qd2 b5 13.a3 Qb6 14.h3 a5 15.Qe3 b4 16.Nd5
Bxd5 17.exd5 b3 18.cxb3 Qb7 19.b4 axb4 20.b3 bxa3 21.Bxa3 Nfd7 22.b4 Na4
23.Nd4 exd4 24.Qxe7 Nc3 25.Re1 Rfe8 26.Qxd6 Rxe1+ 27.Rxe1 {#r} 1-0

[Event "Ch Uruguay"]
[Site "masterchessopen.com – Montevideo (Uruguay)"]
[Date "2007.06.02"]
[Round "2"]
[White "Curi Gabriel (URU)"]
[Black "Barrere Claudio (URU)"]
[Result "1-0"]
[WhiteElo "2256"]
[BlackElo "2142"]

1.e4 c5 2.Nf3 d6 3.d4 cxd4 4.Nxd4 Nf6 5.Nc3 a6 6.g3 e5 7.Nde2 Be6 8.Bg2 Be7
9.O-O O-O 10.h3 Nbd7 11.g4 Rc8 12.Ng3 b5 13.Be3 b4 14.Nd5 Bxd5 15.exd5 Nc5
16.a3 Qb6 17.axb4 Qxb4 18.b3 Qb7 19.f4 e4 20.Bxc5 dxc5 21.Nxe4 Nxd5 22.Ng3
Rcd8 23.c4 Bf6 24.Bxd5 Rxd5 25.Qxd5 Qxb3 26.Rf3 Qxf3 27.Qxf3 Bxa1 28.Qd3 Bd4+
29.Kg2 Rb8 30.Nf5 {#r} 1-0

[Event "It (open)"]
[Site "masterchessopen.com – Tibor (Czech Republic)"]
[Date "2007.07.30"]
[Round "2"]
[White "Novak Michal (CZE)"]
[Black "Hanzl Miroslav (CZE)"]
[Result "1-0"]
[WhiteElo "2172"]
[BlackElo "1790"]

1.e4 c5 2.Nf3 d6 3.d4 cxd4 4.Nxd4 Nf6 5.Nc3 a6 6.g3 e5 7.Nde2 Nc6 8.Bg2 Be7
9.a4 b6 10.O-O O-O 11.h3 Bb7 12.g4 h6 13.Ng3 Rc8 14.Be3 Nb4 15.Nf5 Re8 16.g5
hxg5 17.Bxg5 Qd7 18.Bxf6 d5 19.Qg4 {#r} 1-0

[Event "It (open)"]
[Site "masterchessopen.com – Aviles (Spain)"]
[Round "8"]
[White "Yuksel Atilla Koksal (TUR)"]
[Black "Uzun Sarp (TUR)"]
[Result "0-1"]
[WhiteElo "1907"]
[BlackElo "2005"]

1.e4 c5 2.Nf3 d6 3.d4 cxd4 4.Nxd4 Nf6 5.Nc3 a6 6.g3 e5 7.Nde2 Be6 8.Bg2 Be7
9.O-O O-O 10.h3 Nbd7 11.Be3 Rc8 12.Kh2 Qc7 13.a4 b5 14.axb5 axb5 15.Ra7 Qc6
16.f4 b4 17.Nd5 Bxd5 18.exd5 Qxc2 19.Qe1 Qxb2 20.fxe5 dxe5 21.Rxf6 Nxf6
22.Rxe7 Rc2 23.Bf1 Nxd5 24.Bc1 Rxc1 25.Qxc1 Qxc1 26.Nxc1 Nxe7 {#R} 0-1

[Event "It (open)"]
[Site "masterchessopen.com – Manresa (Spain)"]
[Date "2007.08.15"]
[Round "2"]
[White "Torner Planell Josep R (ESP)"]
[Black "Corrales Fidel (CUB)"]
[Result "0-1"]
[WhiteElo "2119"]
[BlackElo "2513"]

1.e4 c5 2.Nf3 a6 3.Nc3 d6 4.d4 cxd4 5.Nxd4 Nf6 6.g3 e5 7.Nb3 b5 8.Bg2 Bb7
9.O-O Be7 10.a4 b4 11.Nd5 Nxd5 12.exd5 a5 13.Bd2 O-O 14.c3 bxc3 15.Bxc3 Qb6
16.Ra3 Bd8 17.Kh1 Qa7 18.Qd2 Nd7 19.f4 Bb6 20.fxe5 Nxe5 21.Nd4 Ba6 22.Re1 Nd3
23.Re4 Rae8 24.Nf5 {#R} 0-1

[Event "Tournament (weekend)"]
[Site "masterchessopen.com – Wloclawek (Poland)"]
[Date "2007.08.27"]
[Round "3"]
[White "Jablonski Mariusz (POL)"]
[Black "Kulinski Krzysztof (POL)"]
[Result "0-1"]
[WhiteElo "2234"]
[BlackElo "2099"]

1.e4 c5 2.Nf3 d6 3.d4 cxd4 4.Nxd4 Nf6 5.Nc3 a6 6.g3 e5 7.Nde2 Be7 8.Bg2 O-O
9.O-O Be6 10.h3 Nbd7 11.g4 h6 12.Ng3 Qc7 13.Nd5 Bxd5 14.exd5 Rac8 15.Nf5 Rfe8
16.c3 Nb6 17.Qb3 Nfd7 18.h4 Qc4 19.Qxc4 Rxc4 20.f4 Bf8 21.b3 Rxc3 22.Ba3 Nc8
23.Rac1 Rxc1 24.Rxc1 exf4 25.g5 hxg5 26.hxg5 Ne5 27.Rc7 b5 28.Bh3 Nb6 29.Bxd6
Nxd5 30.Rc5 Nf3+ 31.Kf2 Nxg5 32.Bf1 Ne4+ {#R} 0-1

[Event "Ch Europe (juniors) (under 10)"]
[Site "masterchessopen.com – Sibenik (Croatia)"]
[Date "2007.09.15"]
[Round "2"]
[White "Kalogeris Ioannis (GRE)"]
[Black "Antal Tibor Kende (HUN)"]
[Result "0-1"]
[WhiteElo "1887"]
[BlackElo "1960"]

1.e4 c5 2.Nf3 d6 3.d4 cxd4 4.Nxd4 Nf6 5.Nc3 a6 6.g3 e5 7.Nb3 Be6 8.Bg5 Be7
9.Bxf6 Bxf6 10.Qd2 O-O 11.O-O-O Be7 12.f4 Nd7 13.f5 Bg5 14.Qxg5 Qxg5+ 15.Nd2
Nc5 16.fxe6 fxe6 17.b4 Qe3 18.Kb2 Rf2 19.Be2 Rxe2 20.Nc4 Na4+ 21.Nxa4 Qxe4
22.Ka1 Qxc4 23.Nb6 Qc3+ {#R} 0-1

[Event "Ch Europe (juniors) (under 18)"]
[Site "masterchessopen.com – Sibenik (Croatia)"]
[Date "2007.09.23"]
[Round "9"]
[White "Edouard Romain (FRA)"]
[Black "Levin Evgeny A (RUS)"]
[Result "1-0"]
[WhiteElo "2472"]
[BlackElo "2428"]

{ Edouard Romain (FRA) +0 =1 -1 } 1.e4 c5 2.Nf3 d6 3.d4 cxd4 4.Nxd4 Nf6 5.Nc3
a6 6.g3 e5 7.Nb3 ( 7.Nde2 Be7 8.Bg2 Nbd7 9.O-O b5 10.h3 O-O 11.g4 b4 12.Nd5
Nxd5 13.exd5 a5 14.Ng3 Bg5 15.a3 Bxc1 16.Qxc1 bxa3 17.Rxa3 a4 18.Qd2 Nb6
19.Qb4 Rb8 20.Rfa1 Bd7 21.Ne4 Nxd5 22.Qxd6 Nb4 23.Rd1 Bb5 24.Qxd8 Rfxd8
25.Rxd8+ Rxd8 26.Nc3 Be8 { ...1/2-1/2, Edouard Romain 2338 - Gharamian Tigran
2416 , Chartres 24. 8.2005 Ch France (accession) } ) 7...Nbd7 8.a4 b6 9.Bg2
Bb7 { = } ( 9...Be7 10.O-O O-O 11.Re1 h6 12.Nd2 Nc5 13.Nc4 Bg4 14.Qd2 Be6
15.Ne3 b5 16.b4 Nxa4 17.Nxa4 bxa4 18.Rxa4 Ra7 19.Qd3 Qb8 20.Bd2 Bc8 21.c4 Rc7
22.Nd5 Nxd5 23.exd5 Rd8 24.f4 exf4 25.Bxf4 Bf8 26.c5 g5 27.cxd6 Bxd6 28.Bxd6
Rxd6 29.Re8+ { ...1/2-1/2, Shirov Alexei 2699 - Agrest Evgenij 2570 , Turin
25. 5.2006 Olympiad } ) 10.Nd2 { +0.22 CAP } ( 10.O-O Be7 11.Re1 O-O 12.Nd2
Nc5 13.Nf1 b5 14.Bg5 b4 15.Bxf6 Bxf6 16.Nd5 Bxd5 17.Qxd5 Bg5 18.h4 Bh6 19.Red1
a5 20.Nh2 g6 21.Ng4 Bg7 22.Qxd6 Qxd6 23.Rxd6 Rfd8 24.Rc6 Rac8 25.Rxc8 Rxc8
26.Ne3 Ne6 27.Bh3 Bh6 28.Bxe6 fxe6 29.Ng4 Bd2 { ...1-0, Leko Peter 2740 -
Nielsen Peter Heine 2644 , Monaco 18. 3.2006 It "Amber" (blindfold) } )
10...Nc5 { N } ( 10...Rc8 11.Nf1 ( 11.O-O Be7 12.Re1 Rc5 13.Nf1 Qa8 14.Ne3
Nxe4 15.Nf5 Nxc3 16.Bxb7 Qxb7 17.bxc3 g6 18.Nxe7 Kxe7 19.Ba3 Rhc8 20.Bxc5 Rxc5
21.Qd2 Qc6 22.Re3 Nf6 23.Rd1 Rc4 24.Rd3 Ne4 25.Qe3 Rxc3 26.Rxc3 Nxc3 27.Rd3
Ne4 28.Rb3 Nc5 29.Rb4 a5 30.Rh4 { ...0-1, Popovic Petar 2550 - King Daniel J
2495 , Palma de Majorca 1989 Cup World (open) } ) 11...Rxc3 ( 11...Rc4 12.Ne3
Rd4 13.Qe2 Qa8 14.Ned5 Qc8 15.Bg5 Nxd5 16.Nxd5 Bxd5 17.exd5 Be7 18.Be3 Rc4
19.Bh3 g6 20.Bxd7+ Kxd7 21.O-O Rxc2 22.Qg4+ f5 23.Qb4 Qc4 24.Qxb6 Qxd5 25.Qxa6
Rxb2 26.Rfb1 Ra8 27.Ba7 Qb3 28.Rc1 Qb7 29.Qxb7+ Rxb7 30.Be3 { ...0-1,
Marinkovic Ivan 2445 - Schwarz Michael 2398 , Hania 1993 It (open) } ) 12.bxc3
Nxe4 13.Ne3 Nxc3 14.Qd3 Bxg2 15.Nxg2 Qa8 16.O-O Ne4 17.Ne3 Ndf6 18.Nc4 Be7
19.Nxb6 Qc6 20.a5 O-O 21.c4 Nc5 22.Nd5 Nxd5 23.Qxd5 Qxd5 24.cxd5 Rc8 25.Be3
Bd8 26.Bxc5 Rxc5 27.Rfc1 Kf8 28.Rxc5 dxc5 29.Rc1 Bxa5 30.Rxc5 { ...1-0,
Narciso Dublan Marc 2510 - Asis Gargatagli Hipolit 2361 , Salou 9. 6.2006 It
(open) } ) 11.Qe2 Rc8 12.Nc4 Be7 13.O-O Ne6 14.Be3 Nd4 15.Qd3 Qc7 16.Nd2 Ne6
17.Qe2 O-O 18.Nd5 Nxd5 19.exd5 Nd4 20.Bxd4 exd4 21.Rac1 Rfe8 22.Qd3 Bg5 23.f4
Be7 24.Rfe1 Bf6 25.Ne4 Qd8 26.Re2 Be7 { ?! } ( 26...g6 { !? } 27.Rce1 Kf8
28.Nxf6 Qxf6 29.Rxe8+ Rxe8 30.Rxe8+ Kxe8 31.Qc4 Kd7 32.Qb4 Kc7 33.Be4 { } )
27.Rce1 Bxd5 28.Ng5 { } {#r} 1-0

[Event "It (open)"]
[Site "masterchessopen.com – Nantes (France)"]
[Round "2"]
[White "Henry Florent (FRA)"]
[Black "Penisson Arnaud (FRA)"]
[Result "1-0"]
[WhiteElo "1812"]
[BlackElo "1755"]

1.e4 c5 2.Nf3 d6 3.d4 cxd4 4.Nxd4 Nf6 5.Nc3 a6 6.g3 Nbd7 7.Bg2 Nc5 8.O-O e5
9.Nb3 Nxb3 10.axb3 Bd7 11.Bg5 Be7 12.Bxf6 gxf6 13.Qh5 Qc8 14.h3 b5 15.Rfc1 Bc6
16.Bf3 f5 17.exf5 Bxf3 18.Qxf3 f6 19.Nd5 Ra7 20.Qh5+ Kd8 21.c4 Qb7 22.Qf7 bxc4
23.Rxc4 Rf8 24.Qe6 Qd7 25.Rac1 Qxe6 26.fxe6 Ra8 27.Nb6 {#r} 1-0

[Event "It (open)"]
[Site "masterchessopen.com – Nantes (France)"]
[Round "7"]
[White "Noblet Renald (FRA)"]
[Black "Penisson Arnaud (FRA)"]
[Result "1-0"]
[WhiteElo "2008"]
[BlackElo "1755"]

1.e4 c5 2.Nf3 d6 3.d4 cxd4 4.Nxd4 Nf6 5.Nc3 a6 6.g3 e5 7.Nb3 Nc6 8.Bg2 Be6
9.O-O Be7 10.Kh1 Qd7 11.Nd5 Bxd5 12.exd5 Na7 13.c4 Rc8 14.Nd2 b5 15.b3 O-O
16.Bb2 Rc7 17.f4 exf4 18.Rxf4 Nc8 19.Qf3 Ne8 20.Qh5 Nf6 21.Rxf6 Bxf6 22.Bxf6
gxf6 23.Be4 Re8 24.Qxh7+ Kf8 25.Bf5 Re6 26.Ne4 Qd8 27.dxe6 fxe6 28.Qh8+ Ke7
29.Qxf6+ Ke8 30.Qxe6+ Re7 31.Nf6+ {#r} 1-0

[Event "Ch Ukraine (juniors) (under 20) (1/2 final)"]
[Site "masterchessopen.com – Lvov (Ukraine)"]
[Date "2007.12.10"]
[Round "9"]
[White "Badik Maksym (UKR)"]
[Black "Pasko Alexander (UKR)"]
[Result "0-1"]
[WhiteElo "1785"]
[BlackElo "2341"]

1.e4 c5 2.Nf3 d6 3.d4 cxd4 4.Nxd4 Nf6 5.Nc3 a6 6.g3 e5 7.Nde2 Be7 8.Bg2 Be6
9.O-O Nbd7 10.h3 b5 11.g4 Nb6 12.Ng3 O-O 13.Re1 Rc8 14.Nd5 Nfxd5 15.exd5 Bd7
16.f4 Re8 17.Kh2 Bh4 18.Re2 Rc4 19.Ne4 Rd4 20.Rd2 Rxd2 21.Bxd2 Be7 22.Ba5 Qb8
23.fxe5 dxe5 24.d6 Bf8 25.Qd3 Bc6 26.Bxb6 Qxb6 27.Ng5 e4 28.Bxe4 Qf2+ 29.Kh1
Rxe4 30.Nxe4 Bxd6 {#R} 0-1

[Event "It (open)"]
[Site "masterchessopen.com – Guben (Germany)"]
[Date "2008.01.05"]
[Round "4"]
[White "Mazurkiewicz Michal (POL)"]
[Black "Ninov Nikolai (BUL)"]
[Result "0-1"]
[WhiteElo "2211"]
[BlackElo "2528"]

1.e4 c5 2.Nf3 d6 3.d4 Nf6 4.Nc3 cxd4 5.Nxd4 a6 6.g3 e5 7.Nde2 b5 8.Bg2 Nbd7
9.O-O Be7 10.h3 Bb7 11.g4 b4 12.Nd5 Nxd5 13.exd5 h5 14.gxh5 Rxh5 15.Ng3 Rh7
16.Qe1 a5 17.Nf5 Ba6 18.c4 Bxc4 19.Bg5 f6 20.Nxe7 Qxe7 21.Qe4 Bxf1 22.Qg6+ Qf7
23.Be4 Nf8 {#R} 0-1

[Event "Ch Venezuela"]
[Site "masterchessopen.com – San Felipe (Venezuela)"]
[Date "2008.01.14"]
[Round "4"]
[White "Prasca Raphael (VEN)"]
[Black "Gonzalez Fidel (VEN)"]
[Result "1-0"]
[WhiteElo "2410"]
[BlackElo "2235"]

1.e4 c5 2.Nf3 d6 3.d4 cxd4 4.Nxd4 Nf6 5.Nc3 a6 6.g3 g6 7.Bg2 Bg7 8.O-O O-O
9.a4 Nc6 10.Nde2 Bg4 11.h3 Bd7 12.Kh2 Rb8 13.Nd5 b5 14.axb5 axb5 15.Bg5 Nxd5
16.exd5 Ne5 17.b3 b4 18.Nd4 h6 19.Be3 g5 20.f4 gxf4 21.gxf4 Ng6 22.f5 Ne5
23.Qh5 Kh7 24.Be4 {#r} 1-0

[Event "Ch Catalunia (juniors) (under 20)"]
[Site "masterchessopen.com – Catalunia (Spain)"]
[Date "2008.03.22"]
[Round "5"]
[White "Mestre Bellido Hector (ESP)"]
[Black "Veciana Coronado P (ESP)"]
[Result "1-0"]
[WhiteElo "2253"]
[BlackElo "1825"]

1.e4 c5 2.Nf3 d6 3.d4 cxd4 4.Nxd4 Nf6 5.Nc3 a6 6.g3 e5 7.Nb3 Be6 8.Bg2 Be7
9.O-O O-O 10.h3 Qc7 11.Be3 Rd8 12.f4 exf4 13.gxf4 Nc6 14.Qd2 b5 15.Qf2 Rab8
16.Rad1 Bf8 17.Kh1 a5 18.Rg1 Rdc8 19.Bf3 b4 20.Nd5 Bxd5 21.exd5 Qd7 22.Kh2 Ne7
23.Rd2 Nf5 24.Nxa5 Nxe3 25.Qxe3 Re8 26.Qd4 Qf5 27.Rg5 Qd7 28.Qxf6 Re3 29.Rxg7+
{#r} 1-0

[Event "Czech League 2007/08 (1st) (juniors)"]
[Site "masterchessopen.com – Czech Republic"]
[Date "2008.04.27"]
[Round "10"]
[White "Chmel Kristian"]
[Black "Hlavsa Filip"]
[Result "1-0"]
[WhiteElo "1718"]
[BlackElo "1719"]

1.e4 c5 2.Nf3 d6 3.d4 cxd4 4.Nxd4 Nf6 5.Nc3 a6 6.g3 Nbd7 7.Bg2 e6 8.O-O Be7
9.b3 Qc7 10.Bb2 O-O 11.h3 Rb8 12.Kh2 b5 13.a3 Bb7 14.f4 Nb6 15.Qe1 Rfe8 16.Rd1
Rbd8 17.Nf3 Nxe4 18.Nxe4 Qxc2 19.Qc3 {#r} 1-0

[Event "Cup Volga (open)"]
[Site "masterchessopen.com – Kostroma (Russia)"]
[Round "9"]
[White "Ulyashev Nikolai (RUS)"]
[Black "Gorishniy Yuri (RUS)"]
[Result "0-1"]
[WhiteElo "1791"]
[BlackElo "2084"]

1.e4 c5 2.Nf3 d6 3.d4 cxd4 4.Nxd4 Nf6 5.Nc3 a6 6.g3 e5 7.Nb3 b5 8.Bg2 Bb7
9.O-O Be7 10.f4 Nbd7 11.Nd5 Bxd5 12.exd5 O-O 13.Re1 Re8 14.fxe5 Nxe5 15.Nd4
Qb6 16.Kh1 Neg4 17.Be3 Nxe3 18.Rxe3 Bf8 19.Rxe8 Rxe8 20.Qg1 Qc5 21.Rd1 Nxd5
22.Nb3 Qxg1+ 23.Kxg1 Ne3 24.Re1 g6 25.Bb7 Bh6 26.Bxa6 Ra8 27.Bxb5 Rxa2 28.Bd3
Rxb2 29.Re2 Rb1+ 30.Kf2 Rf1# 0-1

[Event "Ch World (juniors) (under 14) (g)"]
[Site "masterchessopen.com – Vung Tau (Vietnam)"]
[Date "2008.10.29"]
[Round "10"]
[White "Camacho Chardine Cheradee (PHI)"]
[Black "Schut Lisa (NED)"]
[Result "1-0"]
[WhiteElo "2100"]
[BlackElo "2153"]

1.e4 c5 2.Nf3 d6 3.d4 cxd4 4.Nxd4 Nf6 5.Nc3 a6 6.g3 e5 7.Nde2 Be7 8.Bg2 O-O
9.h3 Be6 10.O-O b5 11.a4 b4 12.Nd5 Bxd5 13.exd5 Nbd7 14.g4 Rc8 15.Bd2 Qa5
16.Be3 Bd8 17.Ng3 Bb6 18.Nf5 Bxe3 19.Ne7+ Kh8 20.Nxc8 Bd4 21.Nxd6 g6 22.c3
bxc3 23.bxc3 Qxc3 24.Rc1 Qb4 25.Nc4 Rc8 26.Ne3 Rxc1 27.Qxc1 Qxa4 28.Qc6 Qa3
29.g5 Bxe3 30.gxf6 {#r} 1-0

[Event "It (b)"]
[Site "masterchessopen.com – Coulsdon (England)"]
[Date "2008.12.19"]
[Round "8"]
[White "Bailey Kevin (ENG)"]
[Black "Mayhew Andrew (ENG)"]
[Result "0-1"]
[WhiteElo "2071"]
[BlackElo "2016"]

1.e4 c5 2.Nf3 d6 3.d4 cxd4 4.Nxd4 Nf6 5.Nc3 a6 6.g3 e5 7.Nb3 Be7 8.Bg2 Be6
9.O-O O-O 10.Re1 Nc6 11.Nd5 Bxd5 12.exd5 Na5 13.Nxa5 Qxa5 14.c4 Nd7 15.Bd2 Qd8
16.Bh3 f5 17.Qc2 g6 18.b4 Rc8 19.Qb3 Kg7 20.a4 Bf6 21.Rac1 e4 22.Kh1 Ne5
23.Re2 h5 24.Bg2 h4 25.Kg1 hxg3 26.hxg3 g5 27.Rc2 g4 28.c5 Nf3+ 29.Kf1 Rh8
30.Bc3 Rh2 31.Bxf6+ Qxf6 32.Qb2 Rxg2 {#R} 0-1

[Event "Ch Ukraine (juniors) (under 16) (g)"]
[Site "masterchessopen.com – Odessa (Ukraine)"]
[Date "2009.03.20"]
[Round "2"]
[White "Ivanenko Olga (UKR)"]
[Black "Rakhmangulova Anastasiya (UKR)"]
[Result "0-1"]
[WhiteElo "2033"]
[BlackElo "2089"]

1.e4 c5 2.Nf3 d6 3.d4 cxd4 4.Nxd4 Nf6 5.Nc3 a6 6.g3 e5 7.Nb3 Be7 8.Bg2 b5
9.O-O O-O 10.Re1 Bb7 11.Bd2 Nbd7 12.a4 b4 13.Nd5 Nxd5 14.exd5 a5 15.c3 bxc3
16.Bxc3 Qb6 17.Ra3 f5 18.Qd2 Bd8 19.Kh1 Nf6 20.f4 e4 21.Bf1 Qa7 22.Bb5 Bb6
23.Bxf6 Rxf6 24.Raa1 Rc8 25.Rac1 Rxc1 26.Nxc1 Bf2 27.Re2 Qc5 28.Bc6 e3 29.Qc2
Qxd5+ {#R} 0-1